Les villes européennes de plus d'1 000 000 habitants (mort subite) - Statistiques

Statistiques générales
  • Ce quiz a été pris 267 fois
    264 depuis la dernière actualisation
  • Le résultat moyen est 4 sur 15
Answers on the Grid
Answers color-coded by a green-red scale on the quiz's grid according to % correct below.
Sofia
Cracovie
Berlin
Paris
Séville
Leeds
Madrid
Helsinki
Naples
Amsterdam
Marseille
Turin
Glasgow
Vienne
Zagreb
Hambourg
Budapest
Athènes
Birmingham
Londres
Varsovie
Liège
Bucarest
Stockholm
Zurich
Barcelonne
Copenhague
Munich
Rome
Milan
 
Statistiques - réponses
Réponse % Correct
Paris
83%
Berlin
67%
Madrid
54%
Londres
32%
Rome
32%
Barcelonne
26%
Milan
21%
Munich
18%
Sofia
13%
Hambourg
10%
Birmingham
8%
Budapest
7%
Varsovie
7%
Vienne
7%
Bucarest
5%
Aucun quiz correspondant
Distribution des résultats
% des personnes avec chaque résultat
Percentile par nombre de réponses
Votre historique - résultats
Vous n’avez pas pris ce quiz depuis la dernière actualisation